[Event "COL-ch U20"]
[Site "Cali"]
[Date "2024.03.03"]
[Round "9"]
[White "Hurtado, Juan Felipe"]
[Black "Barbosa, Mattew"]
[Result "1-0"]
[WhiteElo "1398"]
[BlackElo "1529"]
[PlyCount "75"]
[EventDate "2024.02.28"]
[EventType "swiss"]
[EventRounds "9"]
[EventCountry "COL"]
[SourceTitle "CB11_2024"]
[SourceDate "2024.03.13"]
[SourceVersion "1"]
[SourceVersionDate "2024.03.13"]
[SourceQuality "1"]

1. d4 Nf6 2. c4 g6 3. Nc3 Bg7 4. e4 d6 5. Nf3 0-0 6. Be2 e5 7. d5 a5 8. 0-0 Na6 9. Ne1 Ne8 10. Nd3 f5 11. a3 Rf7 12. Bd2 Bf8 13. b4 axb4 14. axb4 Bd7 15. Qb3 f4 16. f3 g5 17. Na4 b6 18. Nab2 Nf6 19. Qa3 h5 20. b5 Qc8 21. Rfc1 Rg7 22. Nb4 g4 23. bxa6 g3 24. Be1 h4 25. Bf1 Nh7 26. Nc6 Ng5 27. c5 b5 28. a7 Bxc6 29. dxc6 gxh2+ 30. Kh1 h3 31. Rc2 Rh7 32. Bxb5 Kh8 33. Ba6 Qe8 34. Bb7 Qe6 35. Bxa8 hxg2+ 36. Rxg2 Qh3 37. Rf2 Rg7 38. Rxh2 1-0

[Event "COL-ch U20"]
[Site "Cali"]
[Date "2024.03.01"]
[Round "4"]
[White "Rodriguez Valencia, Sebastian"]
[Black "Hurtado, Juan Felipe"]
[Result "1-0"]
[WhiteElo "1823"]
[BlackElo "1398"]
[PlyCount "76"]
[EventDate "2024.02.28"]
[EventType "swiss"]
[EventRounds "9"]
[EventCountry "COL"]
[SourceTitle "CB11_2024"]
[SourceDate "2024.03.13"]
[SourceVersion "1"]
[SourceVersionDate "2024.03.13"]
[SourceQuality "1"]

1. c4 e6 2. g3 Nf6 3. Bg2 d5 4. Nf3 Be7 5. 0-0 0-0 6. d4 b6 7. cxd5 exd5 8. Nc3 Bb7 9. Qc2 Nbd7 10. Rd1 Re8 11. Bf4 c6 12. a3 Nf8 13. b4 Ng6 14. Be5 Bd6 15. Bxf6 Qxf6 16. Qb1 Rad8 17. e4 dxe4 18. Nxe4 Qe7 19. Re1 Qc7 20. Qb3 h6 21. Rac1 Qd7 22. h4 Bb8 23. Rcd1 Qd5 24. Qxd5 cxd5 25. Nc3 Rxe1+ 26. Rxe1 Kf8 27. h5 Ne7 28. Ne5 Nc6 29. Bxd5 Nxe5 30. Bxb7 Rxd4 31. Kg2 Rd7 32. Be4 Nc4 33. Bc6 Re7 34. Rd1 Bc7 35. Nd5 Re6 36. Bb5 Bd6 37. Bxc4 Re4 38. Bb3 Re3 1-0

[Event "COL-ch 20"]
[Site "Cali"]
[Date "2023.06.25"]
[Round "7"]
[White "Hurtado, Juan Felipe"]
[Black "Giraldo Ospina, Daniel"]
[Result "1/2-1/2"]
[WhiteElo "1410"]
[BlackElo "1421"]
[PlyCount "109"]
[EventDate "2023.06.22"]
[EventType "swiss"]
[EventRounds "7"]
[EventCountry "COL"]
[SourceTitle "CBM 214 Extra"]
[Source "ChessBase"]
[SourceDate "2023.07.31"]
[SourceVersion "1"]
[SourceVersionDate "2023.07.31"]
[SourceQuality "1"]

1. d4 Nf6 2. c4 b6 3. Nf3 Bb7 4. g3 e6 5. Bg2 Bb4+ 6. Bd2 Be7 7. 0-0 d6 8. Nc3 Nbd7 9. Qc2 Rc8 10. e4 0-0 11. Rfe1 c5 12. d5 exd5 13. exd5 Re8 14. Re2 Bf8 15. Rxe8 Qxe8 16. Re1 Qd8 17. Bh3 Qc7 18. Ng5 g6 19. Nge4 Re8 20. Bg5 Nxe4 21. Rxe4 Rxe4 22. Qxe4 Ne5 23. f4 h6 24. fxe5 hxg5 25. e6 fxe6 26. Bxe6+ Kh7 27. Nb5 Qg7 28. h4 Qxb2 29. h5 Qa1+ 30. Kh2 Qb2+ 31. Kh3 Qf6 32. hxg6+ Qxg6 33. Bf5 Bc8 34. g4 Bxf5 35. Qxf5 Qxf5 36. gxf5 a6 37. Nc7 b5 38. cxb5 axb5 39. Nxb5 c4 40. a4 Bg7 41. a5 c3 42. Na3 Bd4 43. Nc2 Bc5 44. Kg4 Kh6 45. f6 Kg6 46. f7 Kxf7 47. Kxg5 Ke7 48. Kg6 Kd7 49. Kf5 Kc7 50. Ke4 Kb7 51. Kd3 Ka6 52. Kxc3 Kxa5 53. Kc4 Ka4 54. Ne1 Ka5 55. Ng2 1/2-1/2

[Event "COL-ch 20"]
[Site "Cali"]
[Date "2023.06.25"]
[Round "6"]
[White "Luligo Bejarano, Luis Angel"]
[Black "Hurtado, Juan Felipe"]
[Result "1-0"]
[WhiteElo "1989"]
[BlackElo "1410"]
[PlyCount "57"]
[EventDate "2023.06.22"]
[EventType "swiss"]
[EventRounds "7"]
[EventCountry "COL"]
[SourceTitle "CBM 214 Extra"]
[Source "ChessBase"]
[SourceDate "2023.07.31"]
[SourceVersion "1"]
[SourceVersionDate "2023.07.31"]
[SourceQuality "1"]

1. e4 c5 2. Nf3 d6 3. d4 cxd4 4. Nxd4 Nf6 5. Nc3 a6 6. f3 e6 7. Be3 Be7 8. Qd2 Qc7 9. g4 b5 10. 0-0-0 Bb7 11. Nb3 Nc6 12. g5 Nd7 13. f4 Na5 14. Qd4 Nxb3+ 15. axb3 e5 16. Qd2 Nc5 17. Bxc5 dxc5 18. Nd5 Bxd5 19. exd5 Rd8 20. Qc3 f6 21. gxf6 Bxf6 22. fxe5 Bg5+ 23. Kb1 0-0 24. Rg1 Bf4 25. d6 b4 26. Bc4+ Kh8 27. dxc7 Rxd1+ 28. Rxd1 bxc3 29. Rd8 1-0

[Event "Cali Valle Colombia op-B"]
[Site "Cali Valle Colombia"]
[Date "2022.12.29"]
[Round "7"]
[White "Hurtado, Juan Felipe"]
[Black "Franco, Marcos"]
[Result "0-1"]
[WhiteElo "1600"]
[BlackElo "1569"]
[PlyCount "112"]
[EventDate "2022.12.26"]
[EventType "swiss"]
[EventRounds "8"]
[EventCountry "COL"]
[SourceTitle "CBM 211 Extra"]
[Source "ChessBase"]
[SourceDate "2023.01.31"]
[SourceVersion "1"]
[SourceVersionDate "2023.01.31"]
[SourceQuality "1"]

1. d4 d5 2. c4 c6 3. Nc3 Nf6 4. Nf3 a6 5. a4 Qa5 6. Bd2 Qb6 7. cxd5 cxd5 8. Qc2 h6 9. e3 Bg4 10. Be2 e6 11. a5 Qc7 12. h3 Bf5 13. Bd3 Bxd3 14. Qxd3 Be7 15. 0-0 0-0 16. Ne5 Nc6 17. f4 Bb4 18. Nxc6 Qxc6 19. Rfc1 Qd7 20. Ne2 Bxd2 21. Qxd2 Rac8 22. Qb4 Rxc1+ 23. Rxc1 Rc8 24. Kf1 Rxc1+ 25. Nxc1 Qc6 26. Nd3 Nd7 27. Qc3 Qxc3 28. bxc3 Kf8 29. Ke2 Ke7 30. Nc5 Nxc5 31. dxc5 Kd7 32. Kd3 Kc6 33. Kd4 Kb5 34. f5 Kxa5 35. fxe6 fxe6 36. c4 Kb4 37. cxd5 exd5 38. Kxd5 a5 39. Kd4 a4 40. Kd3 Kxc5 41. Kc3 b5 42. e4 b4+ 43. Kc2 Kd4 44. e5 Kxe5 45. g4 Kf4 46. Kb2 g5 47. Kc2 Kg3 48. h4 gxh4 49. g5 hxg5 50. Kd3 b3 51. Kc3 h3 52. Kb4 h2 53. Kxa4 b2 54. Ka3 b1Q 55. Ka4 h1Q 56. Ka5 Qa8# 0-1

[Event "Jamundi Valle Avanza op-B"]
[Site "Jamundi"]
[Date "2022.12.08"]
[Round "1"]
[White "Garces Trujillo, Luis Javier"]
[Black "Hurtado, Juan Felipe"]
[Result "1-0"]
[WhiteElo "1863"]
[BlackElo "1600"]
[PlyCount "75"]
[EventDate "2022.12.08"]
[EventType "swiss"]
[EventRounds "7"]
[EventCountry "COL"]
[SourceTitle "EXT 2024"]
[Source "ChessBase"]
[SourceDate "2023.10.10"]
[SourceVersion "1"]
[SourceVersionDate "2023.10.10"]
[SourceQuality "1"]

1. d4 Nf6 2. c4 e6 3. Nf3 b6 4. g3 Bb7 5. Bg2 c5 6. 0-0 cxd4 7. Nxd4 Bxg2 8. Kxg2 Be7 9. Nc3 0-0 10. e4 e5 11. Nf5 Nc6 12. Bg5 h6 13. Nxe7+ Nxe7 14. Bxf6 gxf6 15. Qd6 Nc8 16. Qd2 Kh7 17. Rad1 d6 18. f4 Rb8 19. fxe5 fxe5 20. Rf5 Rb7 21. Rdf1 Kg6 22. Nd5 Kg7 23. Rf6 Rh8 24. Qe2 Kf8 25. Qh5 Rh7 26. Rxh6 Rxh6 27. Qxh6+ Ke8 28. Qh8+ Kd7 29. Rxf7+ Ne7 30. Rxe7+ Kc8 31. Qxd8+ Kxd8 32. Rxb7 a5 33. Re7 a4 34. h4 Kc8 35. h5 b5 36. h6 bxc4 37. h7 a3 38. h8Q# 1-0